| 000 | 00977nam a22002417a 4500 | ||
|---|---|---|---|
| 005 | 20240530110630.0 | ||
| 008 | 170118s2015 ua g 000 0 ara d | ||
| 017 |
_a2014/17492 _bمصر. دار الكتب |
||
| 020 | _a9789774384846 | ||
| 040 |
_aEG-CaGPL _cEG-CaGPL |
||
| 082 | 0 | 4 |
_221 _a342.03\ _bم م |
| 100 | 0 | _aمحمد على سويلم | |
| 245 | 1 | 0 |
_aمبادئ الاصلاح الدستورى : _bدراسة مقارنة فى دساتير العالم المعاصر فى ضوء الفقة و القضاء الدستورى / _cتاليف محمد على سويلم |
| 250 | _aط. 1 | ||
| 260 |
_aالاسكندرية : _bالمكتب الجامعى الحديث ، _c2015. |
||
| 300 |
_a767 ص. ؛ _c24 سم. |
||
| 650 | 0 | 7 |
_2qrmak _aالدساتير _xتعديلات |
| 650 | 0 | 7 |
_2qrmak _aالعلوم السياسية |
| 650 | 0 | 7 |
_2qrmak _aالاصلاح الدستورى |
| 651 | _2qrmak | ||
| 942 |
_2ddc _cBK |
||
| 999 |
_c63240 _d63240 |
||